Đồng Dao và trò chơi trẻ em các dân tộc Tày, Nùng, Thái, Mường và Tà Ôi.
Nội dung sách giới thiệu tổng quan những vấn đề chung liên quan tới công trình nghiên cứu. Đồng Dao và trò chơi trẻ em các dân tộc thiểu số trong mối quan hệ tương tác. Đặc điểm nội dung của Đồng Dao các dân tộc Tày, Nùng, Thái, Mường va...
Wedi'i Gadw mewn:
| Prif Awdur: | |
|---|---|
| Fformat: | Llyfr |
| Iaith: | Undetermined |
| Cyhoeddwyd: |
Hà Nội
Mỹ thuật
2017
|
| Pynciau: | |
| Tagiau: |
Ychwanegu Tag
Dim Tagiau, Byddwch y cyntaf i dagio'r cofnod hwn!
|
| Thư viện lưu trữ: | Trung tâm Học liệu Trường Đại học Cần Thơ |
|---|
| LEADER | 01037nam a2200205Ia 4500 | ||
|---|---|---|---|
| 001 | CTU_225913 | ||
| 008 | 210402s9999 xx 000 0 und d | ||
| 082 | |a 398.809597 | ||
| 082 | |b L105 | ||
| 100 | |a Lèng, Thị Lan | ||
| 245 | 0 | |a Đồng Dao và trò chơi trẻ em các dân tộc Tày, Nùng, Thái, Mường và Tà Ôi. | |
| 245 | 0 | |c Lèng Thị Lan | |
| 260 | |a Hà Nội | ||
| 260 | |b Mỹ thuật | ||
| 260 | |c 2017 | ||
| 520 | |a Nội dung sách giới thiệu tổng quan những vấn đề chung liên quan tới công trình nghiên cứu. Đồng Dao và trò chơi trẻ em các dân tộc thiểu số trong mối quan hệ tương tác. Đặc điểm nội dung của Đồng Dao các dân tộc Tày, Nùng, Thái, Mường và Tà Ôi. | ||
| 650 | |a Dân ca, người Việt,Folk songs, Vietnamese | ||
| 650 | |z Việt Nam,Vietnam | ||
| 910 | |b dqhieu | ||
| 980 | |a Trung tâm Học liệu Trường Đại học Cần Thơ | ||